The best gift
| Main Author: | |
|---|---|
| Other Authors: | |
| Format: | Book |
| Published: |
London :
Ticktock ,
2012
|
| Series: | I love reading phonics
|
| Subjects: |
MARC
| LEADER | 00000cam a2200000 7i4500 | ||
|---|---|---|---|
| 001 | 0000201225 | ||
| 005 | 20160215.0 | ||
| 020 | |a 9781848983960 | ||
| 090 | 0 | 0 | |a JF |b RYA |
| 100 | 1 | |a Ryan, Anne Marie | |
| 245 | 1 | 4 | |a The best gift |c Anne Marie Ryan ; illustrated by Florencia Denis |
| 260 | |a London : |b Ticktock , |c 2012 | ||
| 300 | |a 1 v. (unpaged) : |b ill. ; |c 21cm. | ||
| 490 | 0 | |a I love reading phonics | |
| 650 | 0 | |a Children's stories | |
| 700 | 1 | |a Denis, Florencia | |
| 999 | |a 00315565 |b BUKU |c PINJAMAN |e PERPUSTAKAAN KOMUNITI PETALING JAYA | ||